[Event "chess.com SpeedChess Q2Sw"]
[Site "chess.com INT"]
[Date "2022.11.12"]
[Round "11"]
[White "Eljanov, Pavel"]
[Black "Lazavik, Denis"]
[Result "0-1"]
[WhiteTitle "GM"]
[BlackTitle "IM"]
[WhiteElo "2706"]
[BlackElo "2529"]
[WhiteFideId "14102951"]
[BlackFideId "13515110"]
[EventDate "2022.11.12"]

1. c4 Nf6 2. g3 e6 3. Bg2 d5 4. Nf3 dxc4 5. Qa4+ Bd7 6. Qxc4 c5 7. Ne5 Qc8 8.
Qd3 Nc6 9. Nxd7 Nxd7 10. Nc3 Be7 11. b3 O-O 12. Bb2 Rd8 13. Rd1 Nf6 14. Qb1 Qc7
15. O-O Rac8 16. e3 h6 17. d3 b6 18. a3 Ne8 19. Ne4 Nd6 20. Rc1 Nxe4 21. Bxe4
Qd7 22. Rfd1 Bf8 23. h4 Qe8 24. Rc2 Ne7 25. d4 cxd4 26. Rxd4 Rxd4 27. Bxd4 Rxc2
28. Qxc2 Qd7 29. h5 Nf5 30. Bb2 Nd6 31. Bf3 Ne8 32. b4 Be7 33. Qc6 Qxc6 34. Bxc6
Bf6 35. Bc1 Nd6 36. a4 Bc3 37. b5 Nc4 38. Kf1 Bb2 39. Bxb2 Nxb2 40. Ke2 Nxa4 41.
f4 f6 42. Kd3 Kf7 43. Kd4 Nc5 44. e4 Ke7 45. e5 fxe5+ 46. Kxe5 a5 47. bxa6 Nxa6
48. Bb5 Nb8 49. g4 Nd7+ 50. Ke4 Nf6+ 51. Kf3 Kd6 52. g5 Nd5 53. Bd3 Nc3 54. Bc2
b5 55. Ke3 Nd5+ 56. Ke4 Ne7 57. Bb3 Nf5 58. Bc2 b4 59. gxh6 gxh6 60. Kd3 Kc5 61.
Bb3 Nd4 62. Bd1 Kd5 63. Ba4 b3 64. Be8 b2 0-1

[Event "chess.com SpeedChess Q2Sw"]
[Site "chess.com INT"]
[Date "2022.11.12"]
[Round "11"]
[White "Daggupati, Balaji"]
[Black "Samadov, Read"]
[Result "0-1"]
[WhiteTitle "GM"]
[BlackTitle "FM"]
[WhiteElo "2507"]
[BlackElo "2450"]
[WhiteFideId "2090759"]
[BlackFideId "13417444"]
[EventDate "2022.11.12"]

1. e4 c5 2. Nf3 d6 3. d4 cxd4 4. Nxd4 Nf6 5. Nc3 a6 6. Qe2 Nc6 7. Nxc6 bxc6 8.
e5 dxe5 9. Qxe5 g6 10. Bc4 Bg7 11. Qe2 O-O 12. O-O Bg4 13. Qe3 Nd5 14. Qg3 Bf5
15. Nxd5 cxd5 16. Bd3 Bxd3 17. Qxd3 e6 18. c3 Qb6 19. Rb1 Rfc8 20. Be3 Qa5 21.
a3 Rab8 22. Bd4 e5 23. Be3 e4 24. Qd2 Rb5 25. Rfd1 Rcb8 26. Bf4 Rc8 27. h3 Qa4
28. Be3 Qc4 29. Bh6 Rcb8 30. Bxg7 Kxg7 31. Qf4 Re8 32. Rd4 Qa2 33. Qc1 Reb8 34.
Rb4 Rxb4 35. axb4 Qc4 36. Qd2 Re8 37. Rd1 Re5 38. Qf4 Rf5 39. Qe3 Qb3 40. Qd4+
Kg8 41. Rd2 h5 42. Kh2 Qa2 43. g4 hxg4 44. hxg4 Rf3 45. Qxd5 Rxf2+ 46. Kg3 Qxd5
47. Rxd5 Rxb2 48. Ra5 Rb3 49. Rxa6 Rxc3+ 50. Kf4 Rc4 51. b5 Rb4 52. Rf6 Kg7 53.
Rc6 e3+ 54. Kxe3 Rxg4 55. Rb6 Rb4 56. Rb8 g5 57. Kf3 f5 58. b6 Rb3+ 59. Kf2 g4
60. Kg2 f4 61. Kf2 Rb2+ 62. Ke1 g3 63. Kd1 g2 0-1

[Event "chess.com SpeedChess Q2Sw"]
[Site "chess.com INT"]
[Date "2022.11.12"]
[Round "11"]
[White "Jones, Gawain C B"]
[Black "Chigaev, Maksim"]
[Result "1-0"]
[WhiteTitle "GM"]
[BlackTitle "GM"]
[WhiteElo "2623"]
[BlackElo "2632"]
[WhiteFideId "409561"]
[BlackFideId "4108116"]
[EventDate "2022.11.12"]

1. Nf3 Nf6 2. g3 g6 3. b3 Bg7 4. Bb2 O-O 5. Bg2 c5 6. c4 d6 7. d4 Ne4 8. O-O Nc6
9. Nbd2 Bf5 10. e3 Nxd2 11. Qxd2 Be4 12. d5 Bxb2 13. Qxb2 Bxf3 14. Bxf3 Na5 15.
Be2 a6 16. h4 Rb8 17. h5 b5 18. Qc3 bxc4 19. bxc4 Nb7 20. Kg2 Qa5 21. Qd3 Nd8
22. Qe4 Rb2 23. Bf3 e5 24. hxg6 fxg6 25. Qh4 Qc7 26. Rab1 Rxb1 27. Rxb1 Qf7 28.
Qe4 Qf6 29. Rb2 Nf7 30. Bg4 Ng5 31. Qb1 e4 32. Kf1 h5 33. Be6+ Kh7 34. Rb7+ Kh6
35. Qb2 Nf3 36. Qxf6 Rxf6 37. Ke2 Ne5 38. Ra7 Nxc4 39. Rxa6 g5 40. Ra4 Ne5 41.
Rxe4 g4 42. Rf4 Kg5 43. Rxf6 Kxf6 44. a4 Nc4 45. Kd3 Na5 46. Ke4 Nb3 47. Kf4 Na5
48. Bf5 c4 49. Bc2 c3 50. Ke4 Nc4 51. Kd4 Ne5 52. Kxc3 Kg5 53. a5 h4 54. gxh4+
Kxh4 55. a6 Nd7 56. a7 Nb6 57. Be4 Kh3 58. Kb4 Kh2 59. Kb5 Na8 60. Kc6 Kg1 61.
Kb7 Kxf2 62. Kxa8 Kxe3 63. Bh1 Kf2 64. Kb7 Kg1 65. a8=Q 1-0

[Event "chess.com SpeedChess Q2Sw"]
[Site "chess.com INT"]
[Date "2022.11.12"]
[Round "11"]
[White "Mikhailov, Viacheslav"]
[Black "Meier, Georg"]
[Result "0-1"]
[WhiteTitle "IM"]
[BlackTitle "GM"]
[WhiteElo "2428"]
[BlackElo "2615"]
[WhiteFideId "4187369"]
[BlackFideId "4675789"]
[EventDate "2022.11.12"]

1. Nf3 d5 2. g3 Bf5 3. Bg2 e6 4. O-O h6 5. d4 Nf6 6. c4 c6 7. Nc3 Be7 8. Qb3 Qb6
9. c5 Qc7 10. Bf4 Qc8 11. Qd1 O-O 12. b4 Nbd7 13. a4 Nh5 14. Be3 Nhf6 15. b5 Bd8
16. Bf4 Ba5 17. Qb3 Re8 18. Bd6 Be4 19. Rfc1 Bxf3 20. Bxf3 e5 21. e3 exd4 22.
exd4 Nf8 23. Be5 N6d7 24. bxc6 bxc6 25. Bd6 Ne6 26. Rd1 Nf6 27. Rab1 Ng5 28. Bg2
Nh3+ 29. Kf1 Qa6+ 30. Nb5 Ng5 31. Ra1 Bd8 32. Re1 Nge4 33. Bxe4 dxe4 34. Kg2 Qb7
35. Qc4 cxb5 36. axb5 Qd7 37. Be5 Nd5 38. c6 Qe6 39. Qc5 Bb6 40. Qc2 f6 41. Bf4
Qf5 42. Be3 h5 43. Kg1 h4 44. Qe2 h3 45. Qf1 Re7 46. Rac1 Rae8 47. Bd2 Qg4 48.
Qe2 Qxe2 49. Rxe2 Kf7 50. Rd1 g5 51. Bc1 Kg6 52. Ba3 Re6 53. Bc5 f5 54. Ra1 f4
55. Rea2 Kf5 56. Bxb6 axb6 57. Ra7 e3 58. fxe3 fxe3 59. Rf1+ Kg4 60. Rd7 e2 61.
Re1 Nb4 62. d5 Rf6 63. d6 Ref8 64. Re7 Rf1+ 0-1

[Event "chess.com SpeedChess Q2Sw"]
[Site "chess.com INT"]
[Date "2022.11.12"]
[Round "11"]
[White "Grycel, Kamil"]
[Black "Gurevich, Dmitry"]
[Result "1/2-1/2"]
[WhiteTitle "FM"]
[BlackTitle "GM"]
[WhiteElo "2315"]
[BlackElo "2396"]
[WhiteFideId "1115499"]
[BlackFideId "2000407"]
[EventDate "2022.11.12"]

1. b3 d5 2. Bb2 c5 3. Nf3 f6 4. e3 e5 5. d3 Nc6 6. Nbd2 Nh6 7. g3 Be7 8. Bg2 O-O
9. O-O Be6 10. Re1 Qd7 11. c4 d4 12. exd4 cxd4 13. Ne4 a5 14. Rc1 Nf7 15. h4 a4
16. c5 axb3 17. axb3 Ra2 18. Rb1 Rfa8 19. Nfd2 Na5 20. b4 Nc6 21. Bc1 Na7 22.
Nc4 Bxc4 23. dxc4 Nc6 24. Qb3 R2a4 25. Bd2 Ra3 26. Qd1 d3 27. Be3 Nd4 28. Bxd4
Qxd4 29. Rb3 Ra1 30. Rb1 Rxb1 31. Qxb1 Qxc4 32. Rd1 Rd8 33. Nd2 Qb5 34. Qb3 Kf8
35. Be4 Rd4 36. Bxh7 Qxb4 37. Qe6 Qxc5 38. Nb3 Qd6 39. Qc8+ Qd8 40. Qc3 d2 41.
Bg6 Rd6 42. Qf3 e4 43. Qg4 Ne5 44. Qh5 Nxg6 45. Qxg6 Kg8 46. Qxe4 f5 47. Qc4+
Kh8 48. Qe2 Bf6 49. Rxd2 Rxd2 50. Nxd2 b5 51. Nb3 b4 52. Qh5+ Kg8 53. Qf3 Qd6
54. Kg2 Qe6 55. Qa8+ Kh7 56. Qf3 Qe4 57. Qxe4 fxe4 58. Kf1 Bc3 59. Ke2 Kg6 60.
g4 Kf6 61. Ke3 Ke5 62. g5 Bb2 63. h5 Kf5 64. h6 gxh6 65. gxh6 Kg6 66. Kxe4 Kxh6
67. Kd5 Kg5 68. Kc4 Kf4 69. Kxb4 Kf3 70. Nd2+ Kxf2 1/2-1/2

[Event "chess.com SpeedChess Q2Sw"]
[Site "chess.com INT"]
[Date "2022.11.12"]
[Round "11"]
[White "Vogel, Roven"]
[Black "Hakobyan, Aram"]
[Result "0-1"]
[WhiteTitle "IM"]
[BlackTitle "GM"]
[WhiteElo "2461"]
[BlackElo "2613"]
[WhiteFideId "12908088"]
[BlackFideId "13306677"]
[EventDate "2022.11.12"]

1. d4 Nf6 2. c4 g6 3. Nc3 Bg7 4. e4 d6 5. Nf3 O-O 6. Be2 e5 7. O-O Nbd7 8. Be3
Qe7 9. d5 Ng4 10. Bg5 f6 11. Bh4 h5 12. Nd2 Nh6 13. f3 a5 14. a3 g5 15. Bf2 f5
16. exf5 Nxf5 17. Nde4 b6 18. b4 Bh6 19. Bd3 Nf6 20. Nxf6+ Qxf6 21. Nb5 Qg7 22.
Be4 g4 23. fxg4 hxg4 24. Qd3 Bg5 25. g3 Nh6 26. Be3 Bxe3+ 27. Qxe3 Bf5 28. Qd3
Bxe4 29. Qxe4 axb4 30. axb4 Rxa1 31. Rxa1 Qf7 32. Qe3 Kh7 33. Nc3 Qf3 34. Qxf3
gxf3 35. Ne4 Ng4 36. Rf1 Kg6 37. h3 Ne3 38. Rc1 Kf5 39. Nd2 Kg6 40. Kf2 Nf5 41.
Kxf3 Ra8 42. Rc3 Ra2 43. Ne4 Nd4+ 44. Kg4 Re2 45. Ng5 Rb2 46. b5 Rb4 47. Ne6
Nxb5 48. Rc1 Na3 49. Nxc7 Nxc4 50. Kf3 Rb3+ 51. Kf2 Nd2 52. g4 Ne4+ 53. Kg2 Rg3+
54. Kh2 Rd3 55. Rc6 Rd2+ 56. Kg1 Kg5 57. Rxb6 Kh4 58. Rb3 Ng3 59. Ne6 Ne2+ 60.
Kf1 Ng3+ 61. Kg1 Rxd5 62. g5 Rd2 63. g6 Ne2+ 64. Kf2 Nf4+ 65. Ke3 Re2+ 66. Kf3
Re1 67. g7 Rf1+ 0-1

[Event "chess.com SpeedChess Q2Sw"]
[Site "chess.com INT"]
[Date "2022.11.12"]
[Round "11"]
[White "Baskakov, Egor"]
[Black "Talibov, Shiroghlan"]
[Result "1/2-1/2"]
[WhiteTitle "CM"]
[BlackTitle "FM"]
[WhiteElo "2215"]
[BlackElo "2316"]
[WhiteFideId "24197866"]
[BlackFideId "13429078"]
[EventDate "2022.11.12"]

1. e4 c5 2. Nf3 Nc6 3. Nc3 g6 4. d4 cxd4 5. Nxd4 Bg7 6. Nde2 Nf6 7. g3 O-O 8.
Bg2 d6 9. h3 Rb8 10. a4 a6 11. O-O b5 12. axb5 axb5 13. Be3 b4 14. Nd5 Nxd5 15.
exd5 Ne5 16. b3 Bb7 17. Ra7 Qc8 18. f4 Nd7 19. Nd4 Ra8 20. Rxa8 Bxa8 21. Qd2 Nf6
22. Nc6 Re8 23. Nxb4 e6 24. c4 exd5 25. cxd5 Ne4 26. Qd3 Nxg3 27. Rc1 Qd8 28.
Nc6 Qh4 29. Bf2 Qxf4 30. Ne7+ Kf8 31. Rc4 Qg5 32. Nxg6+ hxg6 33. Bxg3 Be5 34.
Bh4 Qh5 35. Qf3 Qh6 36. Rc7 Qf4 37. Qxf4 Bxf4 38. Bf6 Kg8 39. b4 Rb8 40. b5 g5
41. Be4 Kf8 42. b6 Be3+ 43. Kg2 Bxb6 44. Rd7 Bc5 45. Bxg5 Rb2+ 46. Kf3 Kg7 47.
h4 Rb3+ 48. Kg2 Rb4 49. Bf3 Rb2+ 50. Kh3 Rb3 51. Kg4 Bb7 52. Rc7 Ba6 53. h5 Bd3
54. Bf4 Rb4 55. Kg3 Rb3 56. Kg4 Kg8 57. h6 Bg6 58. Bg5 Kh7 59. Rc8 Bd4 60. Rd8
Be5 61. Re8 Rb4+ 62. Kh3 Bf5+ 63. Kg2 Rb2+ 64. Kf1 Bd3+ 65. Kg1 Bd4+ 66. Kh1 Be5
67. Kg1 Bf5 68. Bh5 Rb1+ 69. Kf2 Rb2+ 70. Ke1 Rb1+ 71. Kd2 Rb2+ 72. Kc1 Rb1+ 73.
Kd2 Rb2+ 74. Kc1 Rb1+ 75. Kd2 1/2-1/2

[Event "chess.com SpeedChess Q2Sw"]
[Site "chess.com INT"]
[Date "2022.11.12"]
[Round "11"]
[White "Yu, Yangyi"]
[Black "Bok, Benjamin"]
[Result "1-0"]
[WhiteTitle "GM"]
[BlackTitle "GM"]
[WhiteElo "2716"]
[BlackElo "2618"]
[WhiteFideId "8603820"]
[BlackFideId "1017063"]
[EventDate "2022.11.12"]

1. e4 c5 2. Nf3 d6 3. d4 cxd4 4. Nxd4 Nf6 5. Nc3 a6 6. Be3 e5 7. Nb3 Be6 8. f3
Be7 9. Qd2 O-O 10. O-O-O Nbd7 11. Kb1 b5 12. g4 Nb6 13. g5 Nh5 14. Nd5 Bxd5 15.
exd5 f6 16. Na5 Qc7 17. Nc6 Rae8 18. Qa5 Nxd5 19. Qxc7 Nxc7 20. Nxe7+ Rxe7 21.
Rxd6 fxg5 22. Bxg5 Ree8 23. c4 h6 24. Bc1 Rf6 25. Rd7 Rf7 26. Rxf7 Kxf7 27. cxb5
axb5 28. Bd3 Nf4 29. Be4 Rd8 30. Be3 Ncd5 31. Bc5 Nf6 32. Bc2 Rd2 33. Be3 Re2
34. Bxf4 exf4 35. Bd3 Re3 36. Bxb5 Rxf3 37. a4 Re3 38. a5 Re5 39. Bc4+ Ke7 40.
a6 Nd7 41. Kc2 Nb6 42. Bd3 Ra5 43. Re1+ Kd6 44. Re8 g5 45. Rb8 Nd5 46. b4 Ra3
47. b5 Kc5 48. Rc8+ Kd4 49. Rc4+ Ke5 50. Rc5 Kd4 51. Rc4+ Ke5 52. Re4+ Kd6 53.
Bc4 Nb6 54. Bb3 Ra5 55. Bc4 Nxc4 56. Rxc4 Rxb5 57. Ra4 Rb8 58. a7 Ra8 59. Ra6+
Kc5 60. Kd3 Kb5 61. Rxh6 Rxa7 62. Rg6 Ra3+ 63. Ke4 Ra2 64. Rxg5+ Kc4 65. h4 f3
66. Kxf3 Kd4 67. h5 Ra8 68. Kf4 Rf8+ 69. Rf5 Rh8 70. Kg5 Ke4 71. Rf7 Ke5 72. h6
Ke6 73. Rg7 Rd8 74. h7 Rh8 75. Kg6 Rf8 76. Rg8 Rf6+ 77. Kh5 Rf5+ 78. Kh6 Rf6+
79. Rg6 Kf7 80. Rxf6+ Kxf6 81. h8=Q+ Ke6 82. Qf8 1-0

[Event "chess.com SpeedChess Q2Sw"]
[Site "chess.com INT"]
[Date "2022.11.12"]
[Round "11"]
[White "Grandelius, Nils"]
[Black "Liyanage, Ranindu Dilshan"]
[Result "0-1"]
[WhiteTitle "GM"]
[BlackTitle "FM"]
[WhiteElo "2657"]
[BlackElo "2331"]
[WhiteFideId "1710400"]
[BlackFideId "9915834"]
[EventDate "2022.11.12"]

1. Nf3 d5 2. e3 g6 3. c4 c6 4. Nc3 Bg7 5. d4 Nf6 6. h3 O-O 7. Bd3 dxc4 8. Bxc4
Nbd7 9. O-O Qc7 10. Bb3 e5 11. Bd2 exd4 12. exd4 Nb6 13. Ne5 Nfd5 14. Nxd5 Nxd5
15. Bxd5 cxd5 16. Bb4 Re8 17. Re1 Bf5 18. Rc1 Qb6 19. Qd2 Rac8 20. a3 Be4 21.
Rxc8 Rxc8 22. Nd7 Qxd4 23. Qf4 Qxb2 24. Qd6 Bd4 25. Rf1 Bd3 26. Rd1 Qxf2+ 27.
Kh2 Be4 28. Rd2 Qg1+ 29. Kg3 Qe1+ 30. Kg4 h6 31. Nf6+ Bxf6 32. Qxf6 h5+ 33. Kg5
Qe3+ 34. Kh4 Bf5 35. Qg5 Rc4+ 36. g4 Qxg5+ 37. Kxg5 hxg4 38. hxg4 Rxg4+ 39. Kf6
Re4 40. Rxd5 Re6+ 41. Kg5 Re8 42. Rd6 Be6 43. Bc3 Rc8 44. Bf6 b5 45. Rd2 Rc5+
46. Kh4 Rh5+ 47. Kg3 Rd5 48. Rc2 g5 49. Rh2 Rd3+ 50. Kf2 Rd2+ 51. Kg3 Rxh2 52.
Kxh2 g4 53. Bd4 a6 54. Bc3 Kh7 55. Kg3 Kg6 56. Kf4 Kh5 57. Be1 Kg6 58. Bc3 f5
59. Be1 Bc8 60. Bc3 Kf7 61. Ke5 Ke7 62. Be1 Kd8 63. Kd6 Ke8 64. Bg3 Kf7 65. Ke5
Kg6 66. Kf4 Kf6 67. Bh4+ Ke6 68. Be1 Kd5 69. Ke3 Ke5 70. Bc3+ Kd5 71. Ba5 Kc4
72. Bb4 Kb3 73. Kf4 a5 74. Bd6 b4 75. axb4 axb4 76. Ke3 Kc3 77. Be5+ Kc2 78. Kf4
b3 0-1

[Event "chess.com SpeedChess Q2Sw"]
[Site "chess.com INT"]
[Date "2022.11.12"]
[Round "11"]
[White "Han, Yichen"]
[Black "Musovic, Armin"]
[Result "1-0"]
[WhiteTitle "FM"]
[BlackTitle "FM"]
[WhiteElo "2423"]
[BlackElo "2276"]
[WhiteFideId "1054430"]
[BlackFideId "939935"]
[EventDate "2022.11.12"]

1. Nf3 Nf6 2. c4 c5 3. b3 g6 4. Bb2 Bg7 5. e4 O-O 6. e5 Ne8 7. Nc3 Nc6 8. Qe2 d6
9. exd6 Nxd6 10. O-O-O a5 11. d3 Bg4 12. Na4 Nd4 13. Qe3 N6f5 14. Qe4 Bxf3 15.
gxf3 b5 16. Nxc5 a4 17. b4 a3 18. Ba1 e5 19. Bh3 Qg5+ 20. Kb1 bxc4 21. dxc4 Rab8
22. Bc3 Rfc8 23. Ka1 Rxc5 24. bxc5 Qf4 25. Rd2 h5 26. Rb1 Rc8 27. Bxf5 Qxf5 28.
Qxf5 Nxf5 29. Rd5 Ne7 30. Rd7 Nc6 31. Rbb7 Rf8 32. Rbc7 Nd4 33. Bxd4 exd4 34.
Kb1 Re8 35. Re7 Rb8+ 36. Kc1 d3 37. Kd2 Bf8 38. Rxf7 Rb2+ 39. Kxd3 Rxa2 40. Rf6
Rxf2 41. Rxg6+ Kh8 42. Ra6 Kg8 43. Ke3 Ra2 44. c6 Ra1 45. Kf4 Bd6+ 46. Kf5 Bxc7
47. Ke6 Re1+ 48. Kd7 a2 49. Rxa2 Bf4 50. c7 Rd1+ 51. Kc6 Rd6+ 52. Kb7 Rd7 53.
Ra8+ Kg7 54. Rc8 Rf7 55. Kb6 Bxh2 56. c5 h4 57. c6 Bxc7+ 58. Rxc7 h3 59. Rxf7+
Kxf7 60. c7 h2 61. c8=Q h1=Q 62. Qc7+ Kf8 63. Qd8+ Kf7 64. Qd5+ Kf6 65. Kc7 Qh2+
66. Kc6 Qc2+ 67. Kd6 Qg6 68. Qe6+ Kg5 69. Qxg6+ Kxg6 70. Ke6 Kg5 71. Ke5 Kg6 72.
f4 Kf7 73. Kf5 Kg7 74. Ke6 Kg6 75. f5+ Kg7 76. Ke7 Kg8 77. f6 Kh7 78. f7 Kg6 79.
f8=Q 1-0

[Event "chess.com SpeedChess Q2Sw"]
[Site "chess.com INT"]
[Date "2022.11.12"]
[Round "11"]
[White "Ivic, Velimir"]
[Black "Erdogdu, Mert"]
[Result "0-1"]
[WhiteTitle "GM"]
[BlackTitle "GM"]
[WhiteElo "2560"]
[BlackElo "2413"]
[WhiteFideId "950122"]
[BlackFideId "6301495"]
[EventDate "2022.11.12"]

1. e4 c5 2. Nf3 d6 3. d4 cxd4 4. Nxd4 Nf6 5. Nc3 a6 6. Be3 e6 7. Be2 Be7 8. O-O
O-O 9. f4 Qc7 10. a4 Nc6 11. Kh1 Re8 12. Qd2 Bd7 13. Bf3 Nxd4 14. Bxd4 Bc6 15.
Rae1 b5 16. axb5 axb5 17. Nd1 Qb7 18. Nf2 b4 19. Qe3 Nd7 20. Nd3 Bf8 21. Bh5 g6
22. Bg4 f5 23. Bf3 e5 24. fxe5 dxe5 25. Bc5 Nxc5 26. Nxc5 Qb6 27. Qb3+ Kh8 28.
Nd3 Ba4 29. Qc4 Rac8 30. Qd5 Bxc2 31. Nxe5 Qf6 32. Nd7 Qxb2 33. e5 Bg7 34. Qf7
Bb3 35. e6 Bc4 36. Rb1 Qa2 37. Nb6 Bxe6 38. Qb7 Rb8 39. Qc6 Bg8 40. Nd5 Rec8 41.
Qd6 Rd8 42. Qc7 Bxd5 43. Rbd1 Rdc8 44. Bxd5 Qe2 45. Qd7 Qe5 46. Bf3 Qf6 47. Rfe1
Rd8 48. Qa4 Rxd1 49. Rxd1 Rd8 50. Rb1 Rb8 51. Qb3 h5 52. h3 Qc3 53. Qf7 Qf6 54.
Qd5 Qe5 55. Qc4 Kh7 56. Bd1 Bf8 57. Bf3 Bd6 58. Kg1 Kh6 59. Qc1+ Kg7 60. Qc2
Qh2+ 61. Kf2 Qe5 62. Re1 Qg3+ 63. Kf1 Rf8 64. Qb2+ Rf6 65. Qd4 Qf4 66. Qd5 Qg3
67. Re8 Rf8 68. Qb7+ Rf7 69. Qc8 Kf6 70. Re6+ Kg7 0-1

[Event "chess.com SpeedChess Q2Sw"]
[Site "chess.com INT"]
[Date "2022.11.12"]
[Round "11"]
[White "Klukin, Kirill"]
[Black "Harshavardhan, G B"]
[Result "0-1"]
[WhiteTitle "IM"]
[BlackTitle "IM"]
[WhiteElo "2390"]
[BlackElo "2426"]
[WhiteFideId "24199273"]
[BlackFideId "25059009"]
[EventDate "2022.11.12"]

1. d4 d5 2. c4 e6 3. Nc3 Nf6 4. Nf3 c5 5. cxd5 Nxd5 6. e4 Nxc3 7. bxc3 cxd4 8.
cxd4 Bb4+ 9. Bd2 Bxd2+ 10. Qxd2 O-O 11. Bc4 Nd7 12. O-O b6 13. Rfe1 Bb7 14. Rad1
Rc8 15. Bd3 Nf6 16. Qf4 Qc7 17. Qh4 h6 18. h3 Rfd8 19. e5 Nd5 20. Qe4 Nf6 21.
Qh4 Bxf3 22. gxf3 Nd5 23. Kh2 Qc3 24. Rg1 Kf8 25. Be4 Qb2 26. Rg2 Nc3 27. Rxg7
Kxg7 28. Rg1+ Kf8 29. Qxh6+ Ke7 30. Qf6+ Kf8 31. Qh8+ Ke7 32. Qf6+ Kf8 33. Qh6+
Ke8 34. Qf6 Qxf2+ 35. Rg2 Qxg2+ 36. Kxg2 Nxe4 37. fxe4 Rxd4 38. Qg7 Rc2+ 39. Kf3
Rc3+ 40. Kf4 Rcc4 41. Qg8+ Ke7 42. Qb8 Rxe4+ 43. Kf3 Rf4+ 44. Kg3 a5 45. Qxb6 a4
46. Qd6+ Ke8 47. Qb8+ Kd7 48. Qd6+ Kc8 49. Qa6+ Kc7 50. Qa7+ Kc6 51. Qe7 Kd5 52.
Qd6+ Ke4 53. Qd2 Rf3+ 54. Kg4 Rd3 55. Qe2+ Kd5+ 56. Kg5 Rdd4 57. Kf6 Rf4+ 58.
Ke7 Rcd4 59. Qb5+ Ke4 60. Qb7+ Kxe5 61. Qc7+ Ke4 62. Qc6+ Ke3 63. Qc3+ Kf2 64.
Qc2+ Kg3 65. Qc3+ Kh4 66. Qe3 f5 67. a3 Rfe4 68. Qf3 e5 69. Qxf5 Rf4 70. Qh7+
Kg3 71. Ke6 e4 72. Qg6+ Kf2 73. Qh5 e3 74. Qc5 e2 0-1

[Event "chess.com SpeedChess Q2Sw"]
[Site "chess.com INT"]
[Date "2022.11.12"]
[Round "11"]
[White "Drygalov, Sergey"]
[Black "Svane, Rasmus"]
[Result "1/2-1/2"]
[WhiteTitle "GM"]
[BlackTitle "GM"]
[WhiteElo "2547"]
[BlackElo "2619"]
[WhiteFideId "24171743"]
[BlackFideId "4657101"]
[EventDate "2022.11.12"]

1. d4 Nf6 2. c4 e6 3. Nf3 d5 4. Nc3 a6 5. cxd5 exd5 6. Bg5 Be6 7. e3 Nbd7 8. Bd3
Bd6 9. Bf4 Bxf4 10. exf4 Bg4 11. Qe2+ Kf8 12. O-O c6 13. Rfe1 g6 14. Rad1 Qb6
15. Na4 Qb4 16. b3 Re8 17. Qd2 Qxd2 18. Rxe8+ Kxe8 19. Rxd2 Bxf3 20. gxf3 Nh5
21. f5 Ke7 22. Re2+ Kf6 23. fxg6 Nf4 24. Re3 hxg6 25. Bf1 Ne6 26. Nb2 Rh4 27.
Nd3 Rxd4 28. Bh3 Ndc5 29. Bxe6 Rxd3 30. Rxd3 Nxd3 31. Bc8 b6 32. Bxa6 Nc5 33.
Bc8 Ke5 34. Kf1 Nd3 35. h4 Nc1 36. f4+ Kxf4 37. Bb7 Nxa2 38. Bxc6 Kg4 39. Bxd5
f6 40. Bf7 Kxh4 41. Bxg6 Kg5 42. Be8 Nc3 43. Ke1 Kf4 44. Kd2 Ne4+ 45. Ke2 Nc5
46. Bf7 Ke4 47. Kd2 Kd4 48. Kc2 Ne4 49. f3 Ng5 50. Bh5 Ke3 51. Kc3 Nxf3 52. Kc4
Nd4 53. Bg6 Nf3 54. Kb5 Nd4+ 55. Kc4 Ne6 56. Kb5 Nf4 57. Bf5 Nd5 58. Kc6 Kd4 59.
Be6 Nf4 60. Bf5 Ke5 61. Bd3 Nd5 62. Bc4 Ne3 63. Kxb6 f5 64. Be2 f4 65. b4 Kd4
66. b5 Nd5+ 67. Kc6 Nb4+ 68. Kd6 Nd5 69. Bf3 Nb6 70. Kc6 Nc4 71. Bd1 Ne5+ 72.
Kc7 Nc4 73. Be2 Na5 74. b6 Kc5 75. Bf3 Kb5 76. Be2+ Kc5 77. Bg4 Kb5 78. Bf3 Kc5
79. Be2 Kd5 80. Kb8 Kc5 81. Ka7 Nc6+ 82. Ka6 Nb4+ 83. Ka7 Nc6+ 84. Ka6 Nb8+ 85.
Ka7 Nc6+ 1/2-1/2

[Event "chess.com SpeedChess Q2Sw"]
[Site "chess.com INT"]
[Date "2022.11.12"]
[Round "11"]
[White "Yuan, Qingyu"]
[Black "Shimanov, Aleksandr"]
[Result "0-1"]
[BlackTitle "GM"]
[WhiteElo "2373"]
[BlackElo "2581"]
[WhiteFideId "8609772"]
[BlackFideId "4198603"]
[EventDate "2022.11.12"]

1. e4 d5 2. exd5 Qxd5 3. Nc3 Qe5+ 4. Be2 Bg4 5. d4 Bxe2 6. Ngxe2 Qa5 7. O-O Nf6
8. b4 Qh5 9. Nf4 Qxd1 10. Rxd1 e6 11. b5 Bd6 12. Nd3 Nbd7 13. f3 O-O 14. a4 Rac8
15. Be3 c5 16. dxc5 Nxc5 17. Ne2 Nd5 18. Bf2 Nxd3 19. cxd3 a6 20. bxa6 bxa6 21.
Rdc1 Nb4 22. d4 Nd3 23. Rd1 Nb4 24. Rdc1 f6 25. Kf1 Kf7 26. h3 Rfd8 27. Be3 Nd5
28. Bd2 h5 29. Rab1 Rb8 30. Nc3 Ba3 31. Rxb8 Rxb8 32. Rc2 Rc8 33. Ra2 Nxc3 34.
Rxa3 Nd5 35. Ra2 Rc4 36. Ke2 Rxd4 37. a5 Rc4 38. Rb2 g5 39. Rb7+ Kg6 40. Ra7 Rc6
41. g3 h4 42. gxh4 gxh4 43. Ra8 e5 44. Rh8 Rc4 45. Ra8 Rc6 46. Rh8 Ne7 47. Rxh4
Nf5 48. Rb4 Nd4+ 49. Kf2 Rc2 50. Ke3 Ra2 51. Rb6 Ra3+ 52. Ke4 Nxf3 53. Bb4 Rb3
54. Kd5 Nd4 55. Be7 Rf3 56. Rxa6 Ne2 57. Rb6 Nc3+ 58. Kc4 Ne4 59. a6 Nd2+ 60.
Kd5 e4 61. a7 Rf5+ 62. Ke6 Ra5 63. Rb7 e3 64. Bc5 e2 65. Kd7 e1=Q 66. Kc7 Qg3+
67. Bd6 Qc3+ 68. Kd7 Nc4 69. Bc7 Qd4+ 70. Kc8 Rxa7 71. Rxa7 Qxa7 72. Kd8 Qa6 73.
Ke8 Qb5+ 74. Kf8 f5 75. Bd6 Nd2 76. Kg8 Ne4 77. h4 Kh5 78. Bc5 Qxc5 79. Kh7 Kxh4
80. Kg6 f4 81. Kh7 f3 82. Kg8 f2 83. Kh8 f1=Q 84. Kh7 Qff5+ 0-1

[Event "chess.com SpeedChess Q2Sw"]
[Site "chess.com INT"]
[Date "2022.11.12"]
[Round "11"]
[White "Eynullayev, Altay"]
[Black "Melian, Juan Sebastian"]
[Result "1-0"]
[WhiteTitle "FM"]
[BlackTitle "CM"]
[WhiteElo "2214"]
[BlackElo "2150"]
[WhiteFideId "13413562"]
[BlackFideId "3706575"]
[EventDate "2022.11.12"]

1. e4 c5 2. Nf3 e6 3. d4 cxd4 4. Nxd4 a6 5. Bd3 Nf6 6. O-O d6 7. c4 g6 8. Nc3
Bg7 9. Nf3 O-O 10. Bf4 Nc6 11. Be2 e5 12. Bg5 Be6 13. Nd5 Bxd5 14. cxd5 Ne7 15.
Nd2 Nd7 16. Be3 f5 17. f3 Rc8 18. Nc4 Nf6 19. Qb3 b5 20. Nd2 Qd7 21. a4 Rb8 22.
axb5 axb5 23. Ra7 Qe8 24. Qb4 Nc8 25. Ra5 Nd7 26. Rxb5 Rxb5 27. Bxb5 Qd8 28. Bc6
fxe4 29. Nxe4 Nf6 30. Ra1 Nxe4 31. Qxe4 Bf6 32. b4 Bg5 33. Bf2 Qc7 34. b5 Rf4
35. Qb1 Nb6 36. Ra6 Rd4 37. Bxd4 exd4 38. Qe4 Be3+ 39. Kf1 Kg7 40. Ke2 Qd8 41.
h4 Nc4 42. Ra7+ Kh6 43. Qe7 d3+ 44. Kxd3 Qh8 45. Qe4 Bxa7 46. Qf4+ Kg7 47. Kxc4
Qd8 48. h5 gxh5 49. Qf5 Qe7 50. Qe6 Qh4+ 51. Kb3 Bc5 52. Qd7+ Kh6 53. Qe6+ Kg7
54. Qd7+ Kh6 55. Qe8 Qb4+ 56. Kc2 Qc4+ 57. Kd2 Bb4+ 58. Ke3 Qc1+ 59. Ke4 Qe1+
60. Kf5 Qb1+ 61. Ke6 Qe1+ 62. Kf7 Kg5 63. Qxe1 Bxe1 64. b6 Ba5 65. b7 Bc7 66.
Ke6 Kf4 67. Kd7 Bb8 68. Kc8 Ba7 69. b8=Q Bxb8 70. Kxb8 Kg3 71. Kc7 Kxg2 72. Kxd6
h4 73. Bd7 h3 74. Ke7 h2 75. d6 h1=Q 76. Bc6 Qh4+ 77. Kd7 Qd4 78. Kc7 Qa7+ 79.
Bb7 Qa5+ 80. Kd7 Kg3 81. Bc6 h5 82. Ke6 Qa2+ 83. Ke7 Qe2+ 84. Be4 1-0